[Event "NB II. Barcza csoport"]
[Site "Miskolc"]
[Date "2024.02.18"]
[Round "4.9"]
[White "Varga, Laszlo"]
[Black "Hajdu, Zoltan"]
[Result "0-1"]
[WhiteElo "1719"]
[BlackElo "1659"]
[PlyCount "56"]
[EventDate "2023.10.08"]
[EventType "team-tourn"]
[EventRounds "9"]
[EventCountry "HUN"]
[Source "chess.hu"]
[WhiteTeam "Kazincbarcika VSC"]
[BlackTeam "M.Sportisk-KisBocsok"]
[WhiteTeamCountry "HUN"]
[BlackTeamCountry "HUN"]

1. e4 Nc6 2. d4 e5 3. dxe5 Nxe5 4. f4 Nc6 5. Nf3 Bc5 6. Bc4 d6 7. Ng5 Nh6 8.
Qd5 Qe7 9. a3 Nd4 10. Bd3 c6 11. Qa2 f6 12. Nf3 Be6 13. b3 Ng4 14. h3 Nxf3+ 15.
gxf3 Nf2 16. Rh2 Nxh3 17. Kf1 Ng1 18. Kg2 h5 19. f5 Bxf5 20. exf5 Qe1 21. Be4
Qxc1 22. a4 Qg5+ 23. Kf1 Nxf3 24. Bxf3 Qg1+ 25. Ke2 Qxh2+ 26. Kd3 O-O-O 27. Nc3
Qf2 28. Bh1 Qe3+ 0-1

[Event "NB II. Barcza csoport"]
[Site "Miskolc"]
[Date "2024.02.18"]
[Round "4.10"]
[White "Homolya, Daniel"]
[Black "Fazekas, David"]
[Result "1-0"]
[WhiteElo "1514"]
[BlackElo "1289"]
[PlyCount "93"]
[EventDate "2023.10.08"]
[EventType "team-tourn"]
[EventRounds "9"]
[EventCountry "HUN"]
[Source "chess.hu"]
[WhiteTeam "M.Sportisk-KisBocsok"]
[BlackTeam "Kazincbarcika VSC"]
[WhiteTeamCountry "HUN"]
[BlackTeamCountry "HUN"]

1. e4 e5 2. Nf3 Nc6 3. Bc4 Bc5 4. c3 d6 5. d3 Bg4 6. Nbd2 Nf6 7. a4 a5 8. h3
Bh5 9. Nf1 h6 10. Ng3 Bg6 11. O-O O-O 12. Qe2 Nh5 13. Kh2 Nxg3 14. fxg3 Kh8 15.
Nh4 Bh7 16. Bxf7 g5 17. Ng6+ Bxg6 18. Bxg6 Rxf1 19. Qxf1 Qf8 20. Bf5 Ne7 21. g4
d5 22. Qe2 Nxf5 23. gxf5 Qd6 24. Qh5 Kg7 25. Qf3 Rf8 26. Be3 d4 27. Bd2 b6 28.
c4 Bb4 29. Qf2 Rf6 30. Qe1 Bxd2 31. Qxd2 c5 32. Rh1 Qd7 33. Qd1 Qf7 34. h4 gxh4
35. Kg1 Kh7 36. Rxh4 Qg7 37. Qg4 Qxg4 38. Rxg4 h5 39. Rg5 Rh6 40. Kh2 h4 41.
Kh3 Rf6 42. Kxh4 Kh6 43. Rh5+ Kg7 44. g4 Rf8 45. g5 Rxf5 46. exf5 e4 47. dxe4
1-0

[Event "NB II. Barcza csoport"]
[Site "Miskolc"]
[Date "2024.02.18"]
[Round "4.11"]
[White "Gyenge, Attila"]
[Black "Gal, Andras"]
[Result "0-1"]
[WhiteElo "1421"]
[BlackElo "1394"]
[PlyCount "88"]
[EventDate "2023.10.08"]
[EventType "team-tourn"]
[EventRounds "9"]
[EventCountry "HUN"]
[Source "chess.hu"]
[WhiteTeam "Kazincbarcika VSC"]
[BlackTeam "M.Sportisk-KisBocsok"]
[WhiteTeamCountry "HUN"]
[BlackTeamCountry "HUN"]

1. d4 c6 2. e4 d5 3. Nc3 dxe4 4. Nxe4 Nf6 5. Nxf6+ gxf6 6. c3 Bf5 7. Qb3 Qb6 8.
Bc4 e6 9. Bf4 Nd7 10. Nf3 Rg8 11. Nh4 Be4 12. f3 Bd5 13. Bxd5 cxd5 14. Qc2 f5
15. Qe2 O-O-O 16. g3 Bd6 17. Bxd6 Qxd6 18. f4 Nf6 19. O-O-O Ne4 20. Nf3 f6 21.
Nd2 Kb8 22. Nxe4 fxe4 23. Kb1 Rc8 24. Rc1 Rc7 25. Rc2 Rgc8 26. Rhc1 Qb6 27. Qe3
Qb5 28. c4 Rxc4 29. Rxc4 Rxc4 30. Rxc4 Qxc4 31. h4 f5 32. b3 Qf1+ 33. Kb2 b6
34. Qc3 Qf2+ 35. Ka3 Kb7 36. b4 Qe2 37. Kb3 b5 38. Qc5 Qc4+ 39. Kb2 Qxc5 40.
bxc5 b4 41. Kb3 a5 42. h5 Kc6 43. Kc2 a4 44. h6 e3 0-1

[Event "NB II. Barcza csoport"]
[Site "Miskolc"]
[Date "2024.02.18"]
[Round "4.12"]
[White "Simon, Balint"]
[Black "Fazekas, Tunde"]
[Result "1-0"]
[WhiteElo "1473"]
[BlackElo "1106"]
[PlyCount "101"]
[EventDate "2023.10.08"]
[EventType "team-tourn"]
[EventRounds "9"]
[EventCountry "HUN"]
[Source "chess.hu"]
[WhiteTeam "M.Sportisk-KisBocsok"]
[BlackTeam "Kazincbarcika VSC"]
[WhiteTeamCountry "HUN"]
[BlackTeamCountry "HUN"]

1. e4 b6 2. d4 Bb7 3. Nc3 e6 4. a3 Nf6 5. e5 Nd5 6. Nxd5 Bxd5 7. Nf3 g6 8. Bg5
Be7 9. Bxe7 Qxe7 10. Bd3 c5 11. c4 Bxf3 12. Qxf3 Nc6 13. Qe4 cxd4 14. b4 Rb8
15. Ra2 f6 16. exf6 Qxf6 17. O-O O-O 18. f4 Rf7 19. Rf3 Rbf8 20. Raf2 Qh4 21.
Rh3 Qg4 22. Rhf3 e5 23. b5 Na5 24. Qxe5 Nb3 25. Be4 Nc5 26. Bd5 Ne6 27. f5 Rxf5
28. Bxe6+ dxe6 29. Qxe6+ R8f7 30. Rxf5 gxf5 31. Rf3 Kf8 32. Qc8+ Ke7 33. Qc7+
Kf6 34. Qd6+ Kg5 35. Rg3 h5 36. Rxg4+ fxg4 37. Qd5+ Rf5 38. Qxd4 h4 39. g3 hxg3
40. hxg3 Rf3 41. Qg7+ Kf5 42. Qxa7 Rxg3+ 43. Kf2 Rf3+ 44. Kg2 Kf4 45. Qc7+ Ke4
46. Qxb6 g3 47. Qc6+ Kd3 48. Qxf3+ Kxc4 49. Kxg3 Kxb5 50. Qc3 Ka4 51. Qb4# 1-0

[Event "NB II. Barcza csoport"]
[Site "Mezokovesd"]
[Date "2024.02.18"]
[Round "4.1"]
[White "Kemendi, Daniel"]
[Black "Becskei, Zoltan"]
[Result "0-1"]
[WhiteElo "1906"]
[BlackElo "2241"]
[PlyCount "68"]
[EventDate "2023.10.08"]
[EventType "team-tourn"]
[EventRounds "9"]
[EventCountry "HUN"]
[Source "chess.hu"]
[WhiteTeam "DVTK II."]
[BlackTeam "Mezokovesd  Zsory SE"]
[WhiteTeamCountry "HUN"]
[BlackTeamCountry "HUN"]

1. e4 c5 2. Nc3 Nc6 3. f4 e6 4. Bb5 Nge7 5. Nf3 a6 6. Bxc6 Nxc6 7. d3 d5 8. e5
Be7 9. O-O O-O 10. Ne2 b5 11. d4 b4 12. a3 bxa3 13. Rxa3 cxd4 14. Rb3 Bc5 15.
Nfxd4 a5 16. Kh1 Nxd4 17. Nxd4 Ba6 18. Re1 Rc8 19. Be3 a4 20. Rc3 Qb6 21. Rxc5
Rxc5 22. Nf3 Rfc8 23. Qa1 d4 24. Bxd4 Bb7 25. Bxc5 Qxc5 26. Qxa4 Qxc2 27. Qd4
h6 28. Nh4 Bd5 29. Qb6 Qd2 30. Rf1 Rc2 31. Qg1 Rxb2 32. f5 exf5 33. Rxf5 Rb4
34. Rf2 Qd3 0-1

[Event "NB II. Barcza csoport"]
[Site "Mezokovesd"]
[Date "2024.02.18"]
[Round "4.2"]
[White "Kerek, Krisztian"]
[Black "Nadasi, Endre"]
[Result "1/2-1/2"]
[WhiteElo "2222"]
[BlackElo "1930"]
[PlyCount "51"]
[EventDate "2023.10.08"]
[EventType "team-tourn"]
[EventRounds "9"]
[EventCountry "HUN"]
[Source "chess.hu"]
[WhiteTeam "Mezokovesd  Zsory SE"]
[BlackTeam "DVTK II."]
[WhiteTeamCountry "HUN"]
[BlackTeamCountry "HUN"]

1. e4 c5 2. Nc3 Nc6 3. f4 e6 4. Nf3 d5 5. Bb5 Nge7 6. exd5 exd5 7. Qe2 Qd6 8.
O-O a6 9. Bxc6+ Qxc6 10. d4 c4 11. Ne5 Qd6 12. a4 Be6 13. f5 Nxf5 14. Rxf5 Bxf5
15. Ng6+ Qe6 16. Nxh8 Qxe2 17. Nxe2 Bd6 18. Bf4 Bxf4 19. Nxf4 Be4 20. Rf1 f6
21. Ne6 Ke7 22. Nxg7 Rxh8 23. Nf5+ Ke6 24. Ne3 Rg8 25. Rf4 b5 26. a5 1/2-1/2

[Event "NB II. Barcza csoport"]
[Site "Mezokovesd"]
[Date "2024.02.18"]
[Round "4.3"]
[White "Laszlo, Zoltan"]
[Black "Paal-Szucs, Attila"]
[Result "1/2-1/2"]
[WhiteElo "1825"]
[BlackElo "2045"]
[PlyCount "121"]
[EventDate "2023.10.08"]
[EventType "team-tourn"]
[EventRounds "9"]
[EventCountry "HUN"]
[Source "chess.hu"]
[WhiteTeam "DVTK II."]
[BlackTeam "Mezokovesd  Zsory SE"]
[WhiteTeamCountry "HUN"]
[BlackTeamCountry "HUN"]

1. Nf3 Nf6 2. d4 g6 3. c4 Bg7 4. Nc3 O-O 5. e4 c5 6. e5 Ng4 7. h3 cxd4 8. Qxd4
Nh6 9. Bxh6 Bxh6 10. Be2 Nc6 11. Qe4 d6 12. O-O Nxe5 13. Nxe5 dxe5 14. Qxe5 Bg7
15. Qe3 Bd4 16. Qf3 Qa5 17. Rad1 Bxc3 18. Qxc3 Qxc3 19. bxc3 Be6 20. Rd4 Rac8
21. Rfd1 Rc7 22. Rd8 Rxd8 23. Rxd8+ Kg7 24. Ra8 b6 25. Kf1 Kf6 26. Ke1 Bxc4 27.
Bxc4 Rxc4 28. Rxa7 Rxc3 29. Kd2 Rc6 30. a4 Ke6 31. a5 bxa5 32. Rxa5 h5 33. h4
Kd6 34. f4 Rb6 35. Ke3 Rb3+ 36. Kf2 Ke6 37. g3 Kf6 38. Rc5 e6 39. Ra5 Rd3 40.
Rb5 Rd5 41. Rb7 Ra5 42. Rb3 Kf5 43. Kf3 f6 44. Rc3 e5 45. fxe5 fxe5 46. Rb3 Rd5
47. Rb6 Rd7 48. Ra6 e4+ 49. Kf2 Rd2+ 50. Ke3 Rd3+ 51. Kf2 Rb3 52. Rc6 Rb2+ 53.
Ke3 Rg2 54. Rc5+ Kg4 55. Rg5+ Kh3 56. Rxg6 Rxg3+ 57. Rxg3+ Kxg3 58. Kxe4 Kxh4
59. Kf3 Kh3 60. Kf2 Kh2 61. Kf1 1/2-1/2

[Event "NB II. Barcza csoport"]
[Site "Mezokovesd"]
[Date "2024.02.18"]
[Round "4.4"]
[White "Pap, Janos"]
[Black "Adam, Zoltan"]
[Result "1/2-1/2"]
[WhiteElo "2030"]
[BlackElo "1805"]
[PlyCount "26"]
[EventDate "2023.10.08"]
[EventType "team-tourn"]
[EventRounds "9"]
[EventCountry "HUN"]
[Source "chess.hu"]
[WhiteTeam "Mezokovesd  Zsory SE"]
[BlackTeam "DVTK II."]
[WhiteTeamCountry "HUN"]
[BlackTeamCountry "HUN"]

1. d4 Nf6 2. c4 e6 3. Nf3 d5 4. Nc3 Nbd7 5. cxd5 exd5 6. Bg5 c6 7. e3 Qa5 8.
Bd3 Ne4 9. Qc2 Nxg5 10. Nxg5 h6 11. Nf3 Bb4 12. O-O O-O 13. a3 Bd6 1/2-1/2

[Event "NB II. Barcza csoport"]
[Site "Mezokovesd"]
[Date "2024.02.18"]
[Round "4.5"]
[White "Herczeg, Benedek"]
[Black "Zelei, Zoltan"]
[Result "0-1"]
[WhiteElo "1610"]
[BlackElo "2066"]
[PlyCount "104"]
[EventDate "2023.10.08"]
[EventType "team-tourn"]
[EventRounds "9"]
[EventCountry "HUN"]
[Source "chess.hu"]
[WhiteTeam "DVTK II."]
[BlackTeam "Mezokovesd  Zsory SE"]
[WhiteTeamCountry "HUN"]
[BlackTeamCountry "HUN"]

1. e4 e6 2. d4 d5 3. exd5 exd5 4. c4 Nf6 5. Nc3 c6 6. Nf3 Be7 7. Be2 O-O 8. O-O
Bg4 9. Ne5 Be6 10. Be3 dxc4 11. Bxc4 Bxc4 12. Nxc4 Na6 13. a3 Nc7 14. Re1 Nfd5
15. Qd3 Bf6 16. Rad1 Re8 17. Nxd5 Nxd5 18. Nd2 g6 19. Ne4 Bg7 20. Nc3 Qd7 21.
Nxd5 Qxd5 22. Qc3 Rad8 23. h3 Re4 24. b4 f5 25. Bg5 Rde8 26. Rxe4 Rxe4 27. Qc5
h6 28. Qxd5+ cxd5 29. Bc1 g5 30. Bb2 Re2 31. Bc3 Rc2 32. Rd3 Kf7 33. b5 Bf8 34.
a4 Bd6 35. g3 f4 36. gxf4 gxf4 37. Kg2 Ke6 38. Kf3 Kf5 39. a5 b6 40. axb6 axb6
41. Ba1 Bb4 42. Rd1 Ra2 43. Kg2 Ke4 44. Rc1 f3+ 45. Kg1 Kd3 46. Rb1 Bd2 47. Kh2
Kc2 48. Rg1 Bf4+ 49. Kh1 Kd2 50. Rb1 Ke2 51. Kg1 Bd2 52. Rf1 Be1 0-1

[Event "NB II. Barcza csoport"]
[Site "Mezokovesd"]
[Date "2024.02.18"]
[Round "4.6"]
[White "Hevesi, Zoltan"]
[Black "Torok, Vilmos"]
[Result "1-0"]
[WhiteElo "2001"]
[BlackElo "1639"]
[PlyCount "73"]
[EventDate "2023.10.08"]
[EventType "team-tourn"]
[EventRounds "9"]
[EventCountry "HUN"]
[Source "chess.hu"]
[WhiteTeam "Mezokovesd  Zsory SE"]
[BlackTeam "DVTK II."]
[WhiteTeamCountry "HUN"]
[BlackTeamCountry "HUN"]

1. d4 d5 2. c4 Nf6 3. Nf3 c6 4. Qc2 e6 5. g3 Qc7 6. Bg2 Nbd7 7. Nbd2 b6 8. e4
dxe4 9. Nxe4 Nxe4 10. Qxe4 Nf6 11. Qc2 Bb7 12. O-O Be7 13. Bf4 Bd6 14. Bxd6
Qxd6 15. c5 Qc7 16. Ne5 Nd5 17. Rfe1 O-O 18. Nc4 b5 19. Nd6 Nf6 20. b4 a6 21.
a4 Ne8 22. axb5 axb5 23. Rxa8 Bxa8 24. Nxb5 Qd8 25. Na7 Qxd4 26. Qa4 Nf6 27.
Rd1 Qb2 28. Nxc6 Ng4 29. Rf1 Bxc6 30. Bxc6 f5 31. b5 f4 32. Qe4 fxg3 33. Qxe6+
Kh8 34. Qxg4 gxf2+ 35. Kg2 Qe5 36. Qg3 Qxc5 37. Rxf2 1-0

[Event "NB II. Barcza csoport"]
[Site "Mezokovesd"]
[Date "2024.02.18"]
[Round "4.7"]
[White "Ress, Amira"]
[Black "Sallai, Janos"]
[Result "1/2-1/2"]
[WhiteElo "1510"]
[BlackElo "1851"]
[PlyCount "108"]
[EventDate "2023.10.08"]
[EventType "team-tourn"]
[EventRounds "9"]
[EventCountry "HUN"]
[Source "chess.hu"]
[WhiteTeam "DVTK II."]
[BlackTeam "Mezokovesd  Zsory SE"]
[WhiteTeamCountry "HUN"]
[BlackTeamCountry "HUN"]

1. d4 Nf6 2. c4 c5 3. d5 e6 4. Nc3 exd5 5. cxd5 d6 6. e4 g6 7. Bf4 a6 8. a4 Bg7
9. Nf3 Nh5 10. Bg3 Nxg3 11. hxg3 Qa5 12. Qc1 Nd7 13. Bd3 Ne5 14. Nxe5 Bxe5 15.
Ra3 Bd7 16. Bc2 O-O-O 17. O-O h5 18. Ne2 Bg4 19. f3 Bd7 20. Kf2 Kb8 21. Rh1 c4
22. Bd1 Qb6+ 23. Qe3 Qxe3+ 24. Rxe3 Bxb2 25. Bc2 Rhe8 26. Rb1 Bg7 27. Rb4 Rc8
28. Kf1 f5 29. Nf4 Bh6 30. Re2 fxe4 31. Rxe4 Rxe4 32. Bxe4 Bxf4 33. gxf4 Bf5
34. Ke2 Rc5 35. Kd2 b5 36. Kc3 Kc7 37. a5 Kd7 38. Rb1 Rc8 39. Rh1 Rf8 40. g3
Ke7 41. Re1 Kd7 42. Re2 Re8 43. Re1 Re7 44. Re2 Ke8 45. Kd4 Kf7 46. Rh2 Kf6 47.
Rh1 Rc7 48. Kc3 Rb7 49. Kb4 c3 50. Rc1 Rc7 51. Rxc3 Rxc3 52. Kxc3 g5 53. fxg5+
Kxg5 54. Bd3 Kf6 1/2-1/2

[Event "NB II. Barcza csoport"]
[Site "Mezokovesd"]
[Date "2024.02.18"]
[Round "4.8"]
[White "Kelemen, Gyorgy"]
[Black "Toth, Kinga"]
[Result "1/2-1/2"]
[WhiteElo "1986"]
[BlackElo "1455"]
[PlyCount "58"]
[EventDate "2023.10.08"]
[EventType "team-tourn"]
[EventRounds "9"]
[EventCountry "HUN"]
[Source "chess.hu"]
[WhiteTeam "Mezokovesd  Zsory SE"]
[BlackTeam "DVTK II."]
[WhiteTeamCountry "HUN"]
[BlackTeamCountry "HUN"]

1. e4 c5 2. Nf3 e6 3. d4 cxd4 4. Nxd4 a6 5. Be2 Nf6 6. Nd2 b5 7. O-O Bb7 8. Bf3
Bc5 9. N4b3 Bb4 10. c3 Be7 11. Re1 e5 12. Nf1 Nc6 13. Ne3 d6 14. Nf5 Bf8 15.
Bg5 g6 16. Nh6 Bxh6 17. Bxh6 Nh5 18. Bxh5 gxh5 19. Qxh5 Rg8 20. Rad1 Qf6 21. h4
Rg6 22. Bg5 Qg7 23. Qf3 Bc8 24. Rd2 h6 25. Be3 Bg4 26. Qg3 Bf5 27. Qf3 Bg4 28.
Qg3 Bf5 29. Qf3 Bg4 1/2-1/2

[Event "NB II. Barcza csoport"]
[Site "Mezokovesd"]
[Date "2024.02.18"]
[Round "4.9"]
[White "Toth, Antal Kazimierz"]
[Black "Pap, Kristof"]
[Result "1/2-1/2"]
[WhiteElo "1338"]
[BlackElo "1892"]
[PlyCount "32"]
[EventDate "2023.10.08"]
[EventType "team-tourn"]
[EventRounds "9"]
[EventCountry "HUN"]
[Source "chess.hu"]
[WhiteTeam "DVTK II."]
[BlackTeam "Mezokovesd  Zsory SE"]
[WhiteTeamCountry "HUN"]
[BlackTeamCountry "HUN"]

1. e4 c5 2. Nf3 Nc6 3. d4 cxd4 4. Nxd4 Nf6 5. Nc3 e5 6. Nf3 Bb4 7. Bd3 d5 8.
Nd2 O-O 9. a3 Bc5 10. O-O Bg4 11. Qe1 a6 12. Nb3 Ba7 13. Bg5 h6 14. Bxf6 Qxf6
15. Nxd5 Qg5 16. Kh1 Rad8 1/2-1/2

[Event "NB II. Barcza csoport"]
[Site "Mezokovesd"]
[Date "2024.02.18"]
[Round "4.10"]
[White "Kantor, Jozsef"]
[Black "Turcsanyi, Vendel Tamas"]
[Result "1-0"]
[WhiteElo "1771"]
[BlackElo "1258"]
[PlyCount "121"]
[EventDate "2023.10.08"]
[EventType "team-tourn"]
[EventRounds "9"]
[EventCountry "HUN"]
[Source "chess.hu"]
[WhiteTeam "Mezokovesd  Zsory SE"]
[BlackTeam "DVTK II."]
[WhiteTeamCountry "HUN"]
[BlackTeamCountry "HUN"]

1. Nf3 Nf6 2. d4 d5 3. c4 e6 4. Nc3 Be7 5. Bg5 h6 6. Bxf6 Bxf6 7. e3 O-O 8.
cxd5 exd5 9. Qb3 c6 10. Bd3 Re8 11. O-O Qc7 12. Rfc1 a6 13. Nxd5 Qd8 14. Nxf6+
Qxf6 15. Rc3 Nd7 16. a4 Qe7 17. Rac1 Nf6 18. Qa3 Be6 19. a5 Nd5 20. Rc5 Nc7 21.
Bb1 Nb5 22. Qd3 g6 23. Ne5 Rad8 24. Qf1 Rd5 25. Be4 Rxc5 26. Rxc5 Nc7 27. h3
Bd5 28. Bxd5 Nxd5 29. Qc4 Qe6 30. e4 Nf6 31. Qxe6 Rxe6 32. f3 Nh5 33. Kf2 Nf4
34. Rc2 Rd6 35. Ke3 Ne6 36. Rd2 Nc7 37. Nc4 Rd8 38. Nb6 Re8 39. Nd7 Nd5+ 40.
Kf2 Re7 41. Nc5 Nb4 42. f4 f5 43. Kf3 fxe4+ 44. Nxe4 Nd5 45. Rd3 Rf7 46. g3 g5
47. Nc3 Nxc3 48. bxc3 Rf5 49. c4 Rxa5 50. d5 cxd5 51. cxd5 Kf7 52. fxg5 hxg5
53. Ke4 Rc5 54. Kf5 b5 55. Kxg5 Kg7 56. Kf5 a5 57. Ke6 b4 58. d6 Rc8 59. d7 Rd8
60. Ke7 Rxd7+ 61. Kxd7 1-0

[Event "NB II. Barcza csoport"]
[Site "Mezokovesd"]
[Date "2024.02.18"]
[Round "4.11"]
[White "Kovacs, Mate"]
[Black "Gaspar, Muriel Aranka"]
[Result "1-0"]
[WhiteElo "1334"]
[BlackElo "1457"]
[PlyCount "47"]
[EventDate "2023.10.08"]
[EventType "team-tourn"]
[EventRounds "9"]
[EventCountry "HUN"]
[Source "chess.hu"]
[WhiteTeam "DVTK II."]
[BlackTeam "Mezokovesd  Zsory SE"]
[WhiteTeamCountry "HUN"]
[BlackTeamCountry "HUN"]

1. d4 e6 2. c4 b6 3. Bf4 Bb4+ 4. Nc3 Bb7 5. a3 Bxc3+ 6. bxc3 Nf6 7. Nf3 O-O 8.
e3 Nh5 9. Bg3 d6 10. Bd3 Nd7 11. d5 exd5 12. cxd5 Nc5 13. Bc2 Nf6 14. Bh4 h6
15. Qd4 Ba6 16. Rd1 Re8 17. g4 g5 18. Nxg5 hxg5 19. Bxg5 Nce4 20. Bh6 Qe7 21.
g5 Nh5 22. f3 Nxc3 23. g6 Qxe3+ 24. Bxe3 1-0

[Event "NB II. Barcza csoport"]
[Site "Mezokovesd"]
[Date "2024.02.18"]
[Round "4.12"]
[White "Molnar, Marton Adam"]
[Black "Papp, Kinga"]
[Result "1/2-1/2"]
[WhiteElo "1367"]
[BlackElo "1188"]
[PlyCount "48"]
[EventDate "2023.10.08"]
[EventType "team-tourn"]
[EventRounds "9"]
[EventCountry "HUN"]
[Source "chess.hu"]
[WhiteTeam "Mezokovesd  Zsory SE"]
[BlackTeam "DVTK II."]
[WhiteTeamCountry "HUN"]
[BlackTeamCountry "HUN"]

1. e4 c5 2. Nf3 d6 3. d4 cxd4 4. Nxd4 Nf6 5. Nc3 g6 6. Be3 Bg7 7. f3 O-O 8. Qd2
Nc6 9. g4 Be6 10. O-O-O Qa5 11. Nxe6 fxe6 12. Bc4 Nd8 13. h4 h5 14. Rdg1 Kh7
15. gxh5 Nxh5 16. Qg2 Rf6 17. Bd4 Nf4 18. Qg5 e5 19. Bf2 Bh6 20. Qg4 Nd5+ 21.
Kb1 Nxc3+ 22. bxc3 Qxc3 23. Bd3 Qb4+ 24. Ka1 Qc3+ 1/2-1/2

[Event "NB II. Barcza csoport"]
[Site "Edeleny"]
[Date "2024.02.18"]
[Round "4.1"]
[White "Gal, Jozsef Istvan"]
[Black "Kiss, Pal"]
[Result "1/2-1/2"]
[WhiteElo "2264"]
[BlackElo "2245"]
[PlyCount "29"]
[EventDate "2023.10.08"]
[EventType "team-tourn"]
[EventRounds "9"]
[EventCountry "HUN"]
[Source "chess.hu"]
[WhiteTeam "Hajduboszormenyi SE"]
[BlackTeam "Edelenyi VSE"]
[WhiteTeamCountry "HUN"]
[BlackTeamCountry "HUN"]

1. e4 c5 2. Nf3 Nc6 3. d4 cxd4 4. Nxd4 Nf6 5. Nc3 e5 6. Ndb5 h6 7. Nd6+ Bxd6 8.
Qxd6 Qe7 9. Qxe7+ Kxe7 10. Be3 d6 11. f3 Be6 12. O-O-O a6 13. b3 b5 14. Kb2
Rhd8 15. a4 1/2-1/2

[Event "NB II. Barcza csoport"]
[Site "Edeleny"]
[Date "2024.02.18"]
[Round "4.4"]
[White "Dudas, Peter"]
[Black "Ballai, Zsolt"]
[Result "1/2-1/2"]
[WhiteElo "2179"]
[BlackElo "2218"]
[PlyCount "22"]
[EventDate "2023.10.08"]
[EventType "team-tourn"]
[EventRounds "9"]
[EventCountry "HUN"]
[Source "chess.hu"]
[WhiteTeam "Edelenyi VSE"]
[BlackTeam "Hajduboszormenyi SE"]
[WhiteTeamCountry "HUN"]
[BlackTeamCountry "HUN"]

1. d4 Nf6 2. c4 g6 3. Nc3 Bg7 4. e4 d6 5. f3 O-O 6. Be3 Nc6 7. Qd2 a6 8. Nge2
Rb8 9. Bh6 e5 10. Bxg7 Kxg7 11. O-O-O Qe7 1/2-1/2

[Event "NB II. Barcza csoport"]
[Site "Edeleny"]
[Date "2024.02.18"]
[Round "4.5"]
[White "Bartha, Gabor"]
[Black "Ladanyi, Tibor"]
[Result "1-0"]
[WhiteElo "2055"]
[BlackElo "1968"]
[PlyCount "145"]
[EventDate "2023.10.08"]
[EventType "team-tourn"]
[EventRounds "9"]
[EventCountry "HUN"]
[Source "chess.hu"]
[WhiteTeam "Hajduboszormenyi SE"]
[BlackTeam "Edelenyi VSE"]
[WhiteTeamCountry "HUN"]
[BlackTeamCountry "HUN"]

1. d4 Nf6 2. c4 g6 3. Nc3 d5 4. cxd5 Nxd5 5. e4 Nxc3 6. bxc3 Bg7 7. Bc4 c5 8.
Ne2 Nc6 9. Be3 O-O 10. O-O Qc7 11. Bf4 Qd7 12. dxc5 Ne5 13. Bxe5 Bxe5 14. Qxd7
Bxd7 15. Rfd1 Bc6 16. Bd5 Rfc8 17. Bxc6 Rxc6 18. Rd7 b6 19. f4 Bg7 20. Rxe7
Rxc5 21. Rd1 Bf8 22. Red7 Ra5 23. R1d2 Rc8 24. Kf2 Rc4 25. Kf3 b5 26. R7d4 Rca4
27. Rxa4 Rxa4 28. Rb2 b4 29. Ke3 Ra3 30. Rb3 Rxa2 31. cxb4 a6 32. Kd3 Ra4 33.
b5 axb5 34. Nc3 Ra1 35. Rxb5 Rg1 36. Rb2 h5 37. Nd5 Kg7 38. Rc2 Rd1+ 39. Ke2
Rd4 40. Ke3 Rd1 41. Nc3 Rd7 42. Nd5 Ra7 43. h3 Rd7 44. Rc7 Rxc7 45. Nxc7 Bc5+
46. Kd3 Kf6 47. Kc4 Ba3 48. Kd3 Bc1 49. Nd5+ Ke6 50. Ne3 Kf6 51. Ke2 Ke6 52.
Kf3 Kf6 53. Nc2 Bd2 54. e5+ Ke7 55. Ke4 f6 56. Nd4 Bc3 57. Kd5 Bd2 58. Nc6+ Kf7
59. e6+ Ke8 60. Ke4 f5+ 61. Kf3 Bc3 62. g3 Kf8 63. Ke2 Kg7 64. Ke3 Kf6 65. e7
Kf7 66. Kf3 Bf6 67. Ke3 Ke8 68. Kd3 Kd7 69. Kc4 h4 70. gxh4 Bxh4 71. Ne5+ Ke8
72. Nxg6 Bg3 73. Kd5 1-0

[Event "NB II. Barcza csoport"]
[Site "Edeleny"]
[Date "2024.02.18"]
[Round "4.6"]
[White "Juhasz, Bela"]
[Black "Miklosi, Attila"]
[Result "1/2-1/2"]
[WhiteElo "2067"]
[BlackElo "2061"]
[PlyCount "47"]
[EventDate "2023.10.08"]
[EventType "team-tourn"]
[EventRounds "9"]
[EventCountry "HUN"]
[Source "chess.hu"]
[WhiteTeam "Edelenyi VSE"]
[BlackTeam "Hajduboszormenyi SE"]
[WhiteTeamCountry "HUN"]
[BlackTeamCountry "HUN"]

1. d4 Nf6 2. Nf3 g6 3. c4 Bg7 4. g3 O-O 5. Bg2 d5 6. O-O c5 7. cxd5 Nxd5 8. e4
Nf6 9. e5 Nd5 10. Nc3 cxd4 11. Qxd4 Nxc3 12. Qxc3 Nc6 13. Re1 Bf5 14. Bf4 Rc8
15. Rad1 Qb6 16. Qa3 Rfd8 17. h3 h6 18. g4 Be6 19. b3 Rxd1 20. Rxd1 Rd8 21.
Rxd8+ Qxd8 22. Qc1 g5 23. Be3 Qa5 24. Qd2 1/2-1/2

[Event "NB II. Barcza csoport"]
[Site "Edeleny"]
[Date "2024.02.18"]
[Round "4.7"]
[White "Toth, Janos"]
[Black "Petyko, Zoltan"]
[Result "1/2-1/2"]
[WhiteElo "2043"]
[BlackElo "2079"]
[PlyCount "26"]
[EventDate "2023.10.08"]
[EventType "team-tourn"]
[EventRounds "9"]
[EventCountry "HUN"]
[Source "chess.hu"]
[WhiteTeam "Hajduboszormenyi SE"]
[BlackTeam "Edelenyi VSE"]
[WhiteTeamCountry "HUN"]
[BlackTeamCountry "HUN"]

1. d4 Nf6 2. Nf3 e6 3. Bg5 Be7 4. Nbd2 h6 5. Bh4 b6 6. e3 Bb7 7. Bd3 c5 8. O-O
O-O 9. c3 d6 10. Qe2 cxd4 11. exd4 Nh5 12. Bg3 Nxg3 13. hxg3 Nd7 1/2-1/2

[Event "NB II. Barcza csoport"]
[Site "Edeleny"]
[Date "2024.02.18"]
[Round "4.8"]
[White "Bako, Martin"]
[Black "Kovacs, Marton"]
[Result "1/2-1/2"]
[WhiteElo "1945"]
[BlackElo "2124"]
[PlyCount "38"]
[EventDate "2023.10.08"]
[EventType "team-tourn"]
[EventRounds "9"]
[EventCountry "HUN"]
[Source "chess.hu"]
[WhiteTeam "Edelenyi VSE"]
[BlackTeam "Hajduboszormenyi SE"]
[WhiteTeamCountry "HUN"]
[BlackTeamCountry "HUN"]

1. d4 d5 2. c4 e6 3. Nc3 Nf6 4. Nf3 c6 5. Bg5 Nbd7 6. Qc2 Qa5 7. Bxf6 Nxf6 8.
e3 Bd6 9. c5 Bb8 10. a3 Qd8 11. b4 Qe7 12. Be2 h5 13. e4 dxe4 14. Nxe4 h4 15.
Ne5 a6 16. Bf3 Nd5 17. Nc4 f5 18. Ned6+ Kd8 19. O-O-O Bc7 1/2-1/2

[Event "NB II. Barcza csoport"]
[Site "Edeleny"]
[Date "2024.02.18"]
[Round "4.9"]
[White "Uzonyi, David"]
[Black "Kristof, Peter"]
[Result "0-1"]
[WhiteElo "2049"]
[BlackElo "2057"]
[PlyCount "92"]
[EventDate "2023.10.08"]
[EventType "team-tourn"]
[EventRounds "9"]
[EventCountry "HUN"]
[Source "chess.hu"]
[WhiteTeam "Hajduboszormenyi SE"]
[BlackTeam "Edelenyi VSE"]
[WhiteTeamCountry "HUN"]
[BlackTeamCountry "HUN"]

1. e4 e6 2. Qe2 d5 3. exd5 Qxd5 4. Nc3 Qd8 5. b3 Nf6 6. Bb2 Nc6 7. O-O-O Nd4 8.
Qe1 Be7 9. Nf3 O-O 10. Bd3 c5 11. Ng5 h6 12. h4 Nd5 13. Nxd5 Qxd5 14. Rh3 Bxg5
15. hxg5 Qxg5 16. Rg3 Qf4 17. Qh1 e5 18. Qh5 e4 19. Qxc5 exd3 20. Bxd4 f6 21.
Re1 Qf5 22. Re7 g5 23. Qc7 Qg6 24. Rxd3 Bf5 25. Rc3 Rac8 26. Qxb7 Rxc3 27. dxc3
Bxc2 28. Kb2 a5 29. Qd5+ Kh8 30. Qxa5 Bb1 31. Ka3 Be4 32. c4 Bxg2 33. c5 h5 34.
Bc3 h4 35. Qb6 h3 36. Qd6 Qf5 37. Ra7 Kg8 38. Qc7 Qg6 39. b4 g4 40. Qg3 Qh5 41.
Qd6 Qd5 42. Qf4 Qf3 43. Qc4+ Kh8 44. Ka4 h2 45. Rf7 Qa8+ 46. Kb3 Rxf7 0-1